Statistics for The Weeknd Songs Quiz

Click here to take the quiz!

General Stats

  • This quiz has been taken 35 times
  • The average score is 53 of 92

Answer Stats

AlbumArtist(s)Song% Correct
StarboyThe Weeknd, Daft PunkStarboy
97%
The Weeknd In JapanThe Weeknd, Daft PunkStarboy
97%
After HoursThe WeekndAfter Hours
90%
After HoursThe WeekndBlinding Lights
86%
My Dear MelancholyThe WeekndCall Out My Name
86%
The Weeknd In JapanThe WeekndCall Out My Name
86%
Beauty Behind The MadnessThe WeekndCant Feel My Face
86%
The Weeknd In JapanThe WeekndCant Feel My Face
86%
After HoursThe WeekndSave Your Tears
83%
Beauty Behind The MadnessThe WeekndThe Hills
83%
The Weeknd In JapanThe WeekndThe Hills
83%
The Weeknd In JapanThe Weeknd, Daft PunkI Feel It Coming
79%
StarboyThe Weeknd, Daft PunkI Feel It Coming
79%
Kiss LandThe WeekndKiss Land
79%
The Weeknd In JapanThe WeekndOften
79%
Beauty Behind The MadnessThe WeekndOften
79%
StarboyThe Weeknd, Lana Del ReyStargirl Interlude
79%
StarboyThe WeekndDie For You
76%
FeatureGesaffelstein, The WeekndLost In The Fire
76%
StarboyThe Weeknd, Kendrick LamarSidewalks
72%
Beauty Behind The MadnessThe WeekndIn The Night
69%
The Weeknd In JapanThe WeekndIn The Night
69%
After HoursThe WeekndIn Your Eyes
69%
My Dear MelancholyThe Weeknd, GesaffelsteinI Was Never There
69%
StarboyThe WeekndParty Monster
69%
The Weeknd In JapanThe WeekndParty Monster
69%
My Dear MelancholyThe WeekndTry Me
69%
After HoursThe WeekndHeartless
66%
After HoursThe WeekndAlone Again
62%
Beauty Behind The MadnessThe Weeknd, Ed SheeranDark Times
62%
Beauty Behind The MadnessThe WeekndEarned It
62%
My Dear MelancholyThe Weeknd, GesaffelsteinHurt You
62%
Kiss LandThe WeekndTears In The Rain
62%
The Weeknd In JapanThe WeekndAcquainted
59%
Beauty Behind The MadnessThe WeekndAcquainted
59%
Beauty Behind The MadnessThe WeekndAngel
59%
FeatureDrake, The WeekndCrew Love
59%
StarboyThe WeekndFalse Alarm
59%
Kiss LandThe Weeknd, DrakeLive For
59%
Kiss LandThe WeekndPretty
59%
Beauty Behind The MadnessThe Weeknd, Lana Del ReyPrisoner
59%
StarboyThe WeekndReminder
59%
After HoursThe WeekndScared To Live
59%
After HoursThe WeekndSnowchild
59%
Beauty Behind The MadnessThe WeekndTell Your Friends
59%
After HoursThe WeekndUntil I Bleed Out
59%
Kiss LandThe WeekndAdaptation
55%
After HoursThe WeekndFaith
55%
After Hours DeluxeThe WeekndFinal Lullaby
55%
Beauty Behind The MadnessThe Weeknd, LabrinthLosers
55%
Kiss LandThe WeekndLove In The Sky
55%
StarboyThe WeekndOrdinary Life
55%
My Dear MelancholyThe WeekndPrivilege
55%
StarboyThe WeekndSix Feet Under
55%
Kiss LandThe WeekndWanderlust
55%
The Weeknd In JapanThe WeekndWasted Times
55%
My Dear MelancholyThe WeekndWasted Times
55%
StarboyThe Weeknd, FutureAll I Know
52%
Beauty Behind The MadnessThe WeekndAs You Are
52%
Kiss LandThe WeekndBelong To The World
52%
FeatureAriana Grande, The WeekndLove Me Harder
52%
Beauty Behind The MadnessThe WeekndReal Life
52%
StarboyThe WeekndSecrets
52%
The Weeknd In JapanThe WeekndSecrets
52%
StarboyThe WeekndTrue Colors
52%
StarboyThe WeekndA Lonely Night
48%
After HoursThe WeekndEscape From LA
48%
After HoursThe WeekndHardest To Love
48%
After Hours DeluxeThe WeekndMissed You
48%
Kiss LandThe WeekndProfessional
48%
StarboyThe WeekndRockin
48%
Kiss LandThe WeekndThe Town
48%
After HoursThe WeekndToo Late
48%
StarboyThe WeekndLove To Lay
45%
After Hours DeluxeThe WeekndNothing Compares
45%
After HoursThe WeekndRepeat After Me
45%
Beauty Behind The MadnessThe WeekndShameless
45%
FeatureJuice WRLD, The WeekndSmile
45%
StarboyThe WeekndAttention
41%
StarboyThe WeekndNothing Without You
41%
Kiss Land DeluxeThe Weeknd, KavinskyOdd Look
41%
FeatureFuture, The WeekndLow Life
38%
FeatureCalvin Harris, The WeekndOver Now
38%
The Weeknd In JapanThe WeekndWicked Games
38%
SingleThe Weeknd, Ariana GrandeSave Your Tears Remix
31%
SingleThe Weeknd, Doja CatIn Your Eyes Remix
28%
The Weeknd In JapanThe Weeknd, BellyMight Not
28%
FeatureTravis Scott, The WeekndWAKE UP
28%
SingleThe Weeknd, RosaliaBlinding Lights Remix
21%
FeatureTravis Scott, The WeekndPray 4 Love
17%
The Weeknd In JapanThe Weeknd, PharrellWanderlust Remix
14%
Kiss Land DeluxeThe Weeknd, PharrellWanderlust Remix
14%

Score Distribution

Percentile by Number Answered

Percent of People with Each Score

Your Score History

You have not taken this quiz